000 00734nam a2200217Ia 4500
003 GCL
008 140319s9999 xx 000 0 ara d
040 _aGCL /
_cGCL
082 0 4 _a843.03
_bف م
100 1 _aفوانتس، كارلوس
245 1 0 _aموت ارتيميو كروز /
_cفوانتس، كارلوس
700 1 _aمحمد عيتانى (ترجمة)
300 _a306 ص
490 _aالهيئة العامة للاستعلامات
_v0
650 0 4 _aالادب
650 0 4 _aالادب الفرنسى المترجم
650 0 4 _aالادب العالمى المترجم
650 0 4 _aالقصص الفرنسية المترجمة
650 0 4 _aالقصص العالمية المترجمة
942 _2ddc
_cBK
999 _c48109
_d48109